Industriebetriebslehre

Guardado en:
Detalles Bibliográficos
Autor principal: Kilger, Wolfgang
Formato: Libro
Lenguaje:alemán
Publicado: Wiesbaden Gabler 1986
Edición:1. Aufl.
Materias:
Etiquetas: Agregar Etiqueta
Sin Etiquetas, Sea el primero en etiquetar este registro!

MARC

LEADER 00000nam a2200000 4500
001 c000149
005 20221220073500.0
020 |a 3-409-13314-3 
041 0 |a ger 
044 |a DE 
245 1 0 |a Industriebetriebslehre  |c Wolfgang Kilger 
250 |a 1. Aufl. 
264 1 |a Wiesbaden  |b Gabler  |c 1986 
300 |a 426 s. 
610 2 0 |a veda o podniku 
610 2 0 |a podnik priemyselný 
610 2 0 |a nástroje riadenia 
610 2 0 |a plánovanie výroby 
610 2 0 |a odbyt 
610 2 0 |a riadenie podnikové 
610 2 0 |a kontrola 
610 2 0 |a plánovanie podnikové 
100 1 |a Kilger, Wolfgang